00716nam a2200205 a 450000100100000000500170001000800410002704000250006808200170009310000200011024000590013024500810018926000460027030000210031650000740033765000290041165000280044065000150046870000270048300001978820200929170135.0100706s1968 ag r 000 0 spa d aDO-SdBNPbspacBNPHU a158.7bL665p1 aLevinson, harry10aThe exceptional executive : a psychological conception10aPsicología del ejecutivo /cHarry Levinson ; traducción Horacio Laurora. aBuenos Aires, Argentina :bPaidos,c1968. a406 p. ;c19 cm. aIncluye referencias bibliográficas y notas al pie de las páginas. 4aPsicología del trabajo 4aPsicología industrial 4aEjecutivos1 aLaurora, Horacio,etr.